000 00719nam a2200229 i 4500
001 40291
003 ES-MaACL
005 20250502063012.0
007 t|
008 030305s1983 sp ||||1| spa d
020 _a84-253-1507-7
080 _a329(460) PCE
080 _a32(460)"1975/.."
100 1 _aCarrillo, Santiago,
_d1915-2012
_9240177
245 1 0 _aMemoria de la transición :
_bla vida política española y el PCE /
_cSantiago Carrillo.
260 _aBarcelona :
_bGrijalbo,
_c1983.
300 _a257 p. ;
_c21 cm.
610 2 4 _aPartido Comunista de España.
_96135
651 4 _aEspaña-
_xHistoria-
_y1975-1982, Transición.
_9149272
852 4 _aES-MaACL
_jL-5369
999 _c40291
_d40291